000 01503cam a22004574i 4500
003 PE-LiUPU
005 20250731173501.0
008 150616s r 000 0 d
020 _a0800607252
035 _a(Sirsi) i9780800607258
040 _aPE-LiUPU
_bspa
_cPE-LiUPU
_erda
049 _aPRUA
082 0 4 _a270.1
_bA33
_221
100 1 _aKurt, Aland,
_eautor.
245 1 2 _aA History of Christianity.
_n1 /
_cAland Kurt.
264 1 _aPhiladelphia, USA :
_bFortress Press,
_c1985.
300 _a474 páginas ;
_c23 centímetros
336 _atext
_2rdacontent
337 _aunmediated
_2rdamedia
338 _avolume
_2rdacarrier
505 0 _aThe beginnings of christianity -- Christianity in the middle ages.
526 _aSEG42
526 _aSEG41
526 _aSEG40
526 _aSEG39
526 _aP94
526 _aP87
526 _aP86
526 _aP85
526 _aP77
526 _aP76
526 _aP35
650 0 4 _aIGLESIA - HISTORIA - PERIODO APOSTOLICO, c.30-600.
910 _ajck
_bjvq
_cjck
942 _2ddc
_cBOOK
949 _a270.1 A33 1
_wDEWEY
_c1
_i40301
_lCCODEBUL1
_mBUL
_r0
_sY
_tBOOK
_u2015-6-16
_xTEOLOGIA
_zUNKNOWN
_0COMPRA
_o.STAFF. Colección General
994 _aC0
_bPEPRU
596 _a1
999 _a270.1 A33 1
_wDEWEY
_c58102
_i40301
_d58102
_f2021-11-11
_g5
_lCCODEBUL1
_mBUL
_q1
_r0
_sY
_tBOOK
_u2015-6-16
_xTEOLOGIA
_zUNKNOWN
_0COMPRA
_o.STAFF. Colección General
980 _81
_gALBERTO SANCHEZ Responsable de Automatización